| 000 | 00446nam a2200121Ia 4500 | ||
|---|---|---|---|
| 008 | 160712s9999 xx 000 0 und d | ||
| 100 | _aDuque, Yason BanalMary Jessel B. | ||
| 245 |
_cYason BanalMary Jessel B. Duque _aStarlet Suicide, Splat Theory: A Performance Text |
||
| 260 |
_c2011 _bDiliman Review |
||
| 300 | _avol. 58 no. 1-4 | ||
| 650 | _xPERFORMANCE | ||
| 856 | _uhttp://journals.upd.edu.ph/index.php/dilimanreview/issue/view/513/showToc | ||
| 999 |
_c297635 _d297635 |
||